| 000 | 00324nam a22001097a 4500 | ||
|---|---|---|---|
| 008 | 160709b xxu||||| |||| 00| 0 eng d | ||
| 050 | _aGV 361 .K46 2008 | ||
| 245 | _aThe Kenya handbook for teachers/ | ||
| 260 |
_aNairobi : _bShrend Publishers Ltd, _c2008 |
||
| 300 |
_a154p. _c21cm. |
||
| 942 |
_2lcc _cAFRICANA _kGV 361 .K46 2008 |
||
| 999 |
_c11464 _d11464 |
||